[Event "Anand Cup"]
[Site "SchemingMind.com"]
[Date "2010.05.16"]
[Round "-"]
[White "Fred Fanelli"]
[Black "joopsim"]
[Result "0-1"]
[WhiteCountry "USA"]
[BlackCountry "NED"]
[WhiteElo "1488"]
[WhiteRD "86"]
[BlackElo "2403"]
[BlackRD "82"]
[GameID "249001"]

1. c4 c6 2. Nf3 d5 3. e3 Nd7 4. Nc3 Ngf6 5. Be2 e5 6. d3 Bd6 7. O-O O-O 8. cxd5 Nxd5 9. e4 Nxc3 10. bxc3 Re8
11. Be3 Nc5 12. Qc2 Qe7 13. d4 exd4 14. cxd4 Qxe4 15. Qd2 Ne6 16. Rfe1 Qd5 17. Qc2 Bd7 18. Bc4 Qh5 19. Kf1 Bxh2 20. Nxh2 Qxh2
21. Ke2 Nxd4+
0-1

[Event "Anand Cup"]
[Site "SchemingMind.com"]
[Date "2010.05.19"]
[Round "-"]
[White "maro"]
[Black "fouche"]
[Result "0-1"]
[WhiteCountry "MEX"]
[BlackCountry "COL"]
[WhiteElo "1234"]
[WhiteRD "57"]
[BlackElo "1660"]
[BlackRD "60"]
[GameID "249002"]

1. d4 d5 2. c4 c6 3. c5 Bf5 4. Bf4 Nd7 5. a3 e6 6. Nc3 Be7 7. Nf3 Ngf6 8. Nh4 Bg6 9. Nxg6 hxg6 10. e3 Ne4
11. Nxe4 dxe4 12. Be2 g5 13. Bg3 f5 14. Bh5+ Kf8 15. f4 g4 16. Bg6 Rh6 17. Bxf5 exf5 18. Qe2 Bh4 19. Bxh4 Qxh4+ 20. g3 Qd8
21. b4 b5 22. cxb6 axb6 23. O-O Rc8 24. Rac1 c5 25. bxc5 bxc5 26. dxc5 Rxc5 27. Rxc5 Nxc5 28. Rc1 Nd3 29. Qd2 Rd6 30. Qc3 Nxc1
31. Qxc1 Rd1+
0-1

[Event "Anand Cup"]
[Site "SchemingMind.com"]
[Date "2010.05.17"]
[Round "-"]
[White "joopsim"]
[Black "Fred Fanelli"]
[Result "1-0"]
[WhiteCountry "NED"]
[BlackCountry "USA"]
[WhiteElo "2403"]
[WhiteRD "82"]
[BlackElo "1488"]
[BlackRD "86"]
[GameID "249044"]

1. e4 c6 2. d4 d5 3. Nc3 dxe4 4. Nxe4 Bf5 5. Ng3 Bg6 6. Nf3 Nf6 7. h4 h6 8. h5 Bh7 9. Bd3 Nbd7 10. Bxh7 Nxh7
11. Qe2 e6 12. Bd2 Bd6 13. Nf5 Be7 14. Nxg7+ Kf8 15. Bxh6 Qa5+ 16. Kd1 Kg8 17. Nxe6 Re8 18. Ng7
1-0

[Event "Anand Cup"]
[Site "SchemingMind.com"]
[Date "2010.05.19"]
[Round "-"]
[White "fouche"]
[Black "maro"]
[Result "1-0"]
[WhiteCountry "COL"]
[BlackCountry "MEX"]
[WhiteElo "1660"]
[WhiteRD "60"]
[BlackElo "1234"]
[BlackRD "57"]
[GameID "249045"]

1. f4 e6 2. Nf3 d6 3. e4 Be7 4. Bc4 Nh6 5. O-O d5 6. exd5 exd5 7. Bb3 Bc5+ 8. Kh1 Ng4 9. d4 Bd6 10. h3 Nh6
11. Re1+ Be6 12. Bxd5 O-O 13. Bxe6 fxe6 14. Rxe6 Bxf4 15. Bxf4 Rxf4 16. c4 Nf5 17. Nc3 Nxd4 18. Nxd4 Rxd4 19. Qb3 Qd7 20. Rae1 Nc6
21. Qxb7 Rb8 22. Qxc6 Qxc6 23. Rxc6 Rxb2 24. Rxc7 a6 25. Re8#
1-0

[Event "Anand Cup"]
[Site "SchemingMind.com"]
[Date "2010.05.18"]
[Round "-"]
[White "rougon"]
[Black "marooned"]
[Result "1-0"]
[WhiteCountry "USA"]
[BlackCountry "CHI"]
[WhiteElo "1848"]
[WhiteRD "74"]
[BlackElo "1784"]
[BlackRD "91"]
[GameID "249212"]

1. d4 Nf6 2. c4 e6 3. Nc3 Bb4 4. Qc2 O-O 5. Nf3 c5 6. dxc5 Nc6 7. a3 Bxc5 8. Bg5 h6 9. Bh4 b6 10. e3 Bb7
11. Ne4 Be7 12. Bxf6 Bxf6 13. Nd6 Qc7 14. Rd1 Be7 15. Nxb7 Qxb7 16. Bd3 Rac8 17. O-O d5 18. Qe2 dxc4 19. Bxc4 Rfd8 20. Ba6 Qc7
21. Bxc8 Rxc8 22. Rc1 Qb7 23. Rfd1 e5 24. Qd3 Rc7 25. Qd5 Bf6 26. b4 a6 27. Nd2 Qc8 28. Ne4 Bd8 29. Nd6 Qd7 30. Qf3 f6
31. Nb7 Qc8 32. Nd6 Qd7 33. h3 Be7 34. Nf5
1-0

[Event "Anand Cup"]
[Site "SchemingMind.com"]
[Date "2010.05.18"]
[Round "-"]
[White "marooned"]
[Black "rougon"]
[Result "0-1"]
[WhiteCountry "CHI"]
[BlackCountry "USA"]
[WhiteElo "1775"]
[WhiteRD "86"]
[BlackElo "1860"]
[BlackRD "79"]
[GameID "249216"]

1. d4 d5 2. c4 dxc4 3. Nf3 Nf6 4. e3 e6 5. Bxc4 c5 6. O-O a6 7. dxc5 Bxc5 8. Nc3 O-O 9. b3 Nc6 10. Bb2 b5
11. Be2 Bb7 12. a3 Qe7 13. b4 Rfd8 14. Qb3 Ba7 15. Rfd1 Rac8 16. Rac1 Bb8 17. h3 Ne5 18. Nxe5 Bxe5 19. Rxd8+ Rxd8 20. Rd1 Qc7
21. Kh1 Nd5 22. Rc1 Nxc3 23. Bxc3 Bxc3 24. Rxc3 Qe5 25. Qc2 Qg5 26. f3 h6 27. Rc5 Qxe3 28. Rc3 Qd2 29. Rd3 Rxd3 30. Qxd3 Qxd3
31. Bxd3 Kf8 32. Kg1 Ke7 33. Kf2 Kd6 34. Ke3 f5 35. Kf4 g5+ 36. Kg3 Bd5 37. h4 Bc4 38. Bc2 Ke5 39. hxg5 hxg5 40. Kf2 Kd4
0-1

[Event "Anand Cup"]
[Site "SchemingMind.com"]
[Date "2010.05.19"]
[Round "-"]
[White "psyberduck"]
[Black "Lars"]
[Result "0-1"]
[WhiteCountry "USA"]
[BlackCountry "SWE"]
[WhiteElo "1361"]
[WhiteRD "105"]
[BlackElo "1577"]
[BlackRD "68"]
[GameID "249328"]

1. e4 e5 2. Nf3 Nc6 3. Bc4 Nf6 4. d4 Nxe4 5. O-O d6 6. Nc3 Nxc3 7. bxc3 e4 8. Bg5 Be7 9. Bxe7 Nxe7 10. Ng5 d5
11. Qh5 g6 12. Qh6 Nf5 13. Qh3 Qxg5 14. Bxd5 Ne7 15. Qe3 Qxd5 16. Qh6 Nf5 17. Qf4 Qc6 18. Rfe1 Nd6 19. f3 O-O 20. fxe4 Qxc3
21. Qc1 Qxd4+ 22. Kf1 Nxe4 23. Rd1 Qf2#
0-1

[Event "Anand Cup"]
[Site "SchemingMind.com"]
[Date "2010.05.19"]
[Round "-"]
[White "Lars"]
[Black "psyberduck"]
[Result "1-0"]
[WhiteCountry "SWE"]
[BlackCountry "USA"]
[WhiteElo "1577"]
[WhiteRD "68"]
[BlackElo "1361"]
[BlackRD "105"]
[GameID "249333"]

1. f4 e5 2. fxe5 d6 3. exd6 Bxd6 4. Nf3 Nf6 5. e3 O-O 6. Nc3 Nc6 7. Qe2 Bf5 8. d3 Re8 9. e4 Bc5 10. Bd2 Nd4
11. Nxd4 Bxd4 12. O-O-O Bg4 13. Qe1 Qd6 14. Be2 Be6 15. Bf3 Bxc3 16. Bxc3 Bxa2 17. b3 b5 18. e5 Qb6 19. Bxa8 Ng4 20. Be4 Qe3+
21. Kb2 Qf2 22. Rd2 Qxe1 23. Rxe1
1-0

[Event "Anand Cup"]
[Site "SchemingMind.com"]
[Date "2010.05.20"]
[Round "-"]
[White "Gammon"]
[Black "e_castle3"]
[Result "0-1"]
[WhiteCountry "USA"]
[BlackCountry "PHI"]
[WhiteElo "1384"]
[WhiteRD "54"]
[BlackElo "1799"]
[BlackRD "70"]
[GameID "249413"]

1. d4 e6 2. c4 Nf6 3. Nf3 Bb4+ 4. Nbd2 O-O 5. a3 Bxd2+ 6. Bxd2 d5 7. Bb4 Re8 8. e3 Nc6 9. Bd3 Nxb4 10. axb4 dxc4
11. Bxc4 b6 12. O-O Bb7 13. Re1 Bd5 14. b3 Qe7 15. b5 Qb4 16. Ra4 Qd6 17. Ne5 Nd7 18. Bxd5 exd5 19. e4 dxe4 20. Rxe4 Nxe5
21. Ra1 Ng6 22. Qd3 Qd5 23. Rae1 Rxe4 24. Rxe4 Rd8 25. g3 f5
0-1

[Event "Anand Cup"]
[Site "SchemingMind.com"]
[Date "2010.05.22"]
[Round "-"]
[White "tyler_ensor"]
[Black "Orange Lion"]
[Result "0-1"]
[WhiteCountry "CAN"]
[BlackCountry "NED"]
[WhiteElo "1800"]
[WhiteRD "62"]
[BlackElo "2392"]
[BlackRD "71"]
[GameID "249415"]

1. d4 Nf6 2. c4 e6 3. Nc3 Bb4 4. e3 O-O 5. Bd3 c5 6. Nf3 d5 7. a3 Bxc3+ 8. bxc3 dxc4 9. Bxc4 Qc7 10. Ba2 b6
11. O-O Nbd7 12. Bb2 Bb7 13. Qe2 b5 14. Qxb5 Ng4 15. h3 Bxf3 16. hxg4 Rab8 17. Qd3 Bxg2 18. Kxg2 Rxb2 19. Rh1 h6 20. Bb1 Nf6
21. e4 cxd4 22. cxd4 Nxg4 23. e5 f5 24. exf6 Rxf2+ 25. Kg1 Qc1+
0-1

[Event "Anand Cup"]
[Site "SchemingMind.com"]
[Date "2010.05.20"]
[Round "-"]
[White "Olli Ylönen"]
[Black "Kasker"]
[Result "0-1"]
[WhiteCountry "FIN"]
[BlackCountry "POL"]
[WhiteElo "1486"]
[WhiteRD "72"]
[BlackElo "2296"]
[BlackRD "83"]
[GameID "249418"]

1. e4 c5 2. Nf3 a6 3. c3 d5 4. exd5 Qxd5 5. d4 Nf6 6. Be3 Nc6 7. Bd3 Bg4 8. Nbd2 cxd4 9. cxd4 e6 10. Nb3 Bb4+
11. Nbd2 Bxd2+ 12. Qxd2 Bxf3 13. gxf3 Rd8 14. Ke2 Nxd4+ 15. Bxd4 Qxd4 16. b3 Nh5 17. Rad1 Nf4+ 18. Ke1 Qxd3 19. Qxd3 Rxd3 20. Rxd3 Nxd3+
21. Ke2 Nb4 22. a4 Ke7 23. Rg1 Kf6
0-1

[Event "Anand Cup"]
[Site "SchemingMind.com"]
[Date "2010.05.20"]
[Round "-"]
[White "Rotceh"]
[Black "PeterLiberty"]
[Result "1-0"]
[WhiteCountry "MEX"]
[BlackCountry "USA"]
[WhiteElo "1542"]
[WhiteRD "93"]
[BlackElo "1486"]
[BlackRD "58"]
[GameID "249419"]

1. Nc3 c5 2. f4 Nc6 3. e4 g6 4. Nf3 Bg7 5. Bc4 e6 6. d3 Nge7 7. O-O O-O 8. Be3 d5 9. exd5 exd5 10. Bxc5 dxc4
11. dxc4 Bxc3 12. bxc3 Qxd1 13. Raxd1 Be6 14. Bxe7 Nxe7 15. Rfe1 Nf5 16. Ne5 f6 17. Nxg6 Rfe8 18. g4 Nd6 19. Rxd6 hxg6 20. Rdxe6 Rxe6
21. Rxe6 Rf8 22. Re7 Rb8 23. c5 a6 24. h4 Rc8 25. Rxb7 Rxc5 26. Rb6 Kf7 27. Rb3 Rc6 28. Kf2 Ke6 29. Kf3 f5 30. g5 Kf7
31. Ke3 Ke6 32. a4 Kd5 33. Kd3 Kc5 34. Rb4 Rd6+ 35. Rd4 Rxd4+ 36. cxd4+ Kd5 37. c4+ Kd6 38. a5
1-0

[Event "Anand Cup"]
[Site "SchemingMind.com"]
[Date "2010.05.20"]
[Round "-"]
[White "e_castle3"]
[Black "Gammon"]
[Result "1-0"]
[WhiteCountry "PHI"]
[BlackCountry "USA"]
[WhiteElo "1799"]
[WhiteRD "70"]
[BlackElo "1384"]
[BlackRD "54"]
[GameID "249421"]

1. e4 e6 2. d4 d5 3. exd5 exd5 4. Nf3 Bd6 5. Be2 Ne7 6. O-O Bf5 7. Nc3 c6 8. Bg5 f6 9. Be3 Qc7 10. h3 Nd7
11. Nh4 O-O-O 12. Nxf5 Nxf5 13. Bg4 g6 14. Bxf5 gxf5 15. Qf3 f4 16. Bd2 Rde8 17. Rfe1 f5 18. Qh5 Nf6 19. Qxf5+ Qd7 20. Qxd7+ Nxd7
21. Rxe8+ Rxe8 22. Kf1 Nf6 23. Re1 h5 24. Rxe8+ Nxe8 25. Ke2 b5 26. Kf3 Kd7 27. Bxf4 Be7 28. Be5 h4 29. Ne2 Bd6 30. Nf4 Bxe5
31. dxe5 Nc7 32. Kg4
1-0

[Event "Anand Cup"]
[Site "SchemingMind.com"]
[Date "2010.05.22"]
[Round "-"]
[White "Orange Lion"]
[Black "tyler_ensor"]
[Result "1-0"]
[WhiteCountry "NED"]
[BlackCountry "CAN"]
[WhiteElo "2392"]
[WhiteRD "71"]
[BlackElo "1800"]
[BlackRD "62"]
[GameID "249423"]

1. e4 c5 2. Nf3 d6 3. d4 cxd4 4. Nxd4 Nf6 5. Nc3 g6 6. Be3 Bg7 7. f3 a6 8. Qd2 h5 9. O-O-O Nbd7 10. Kb1 b5
11. a4 Bb7 12. axb5 O-O 13. bxa6 Bxa6 14. Nc6 Qe8 15. Bd4 Bxf1 16. Rhxf1 Nc5 17. Nd5 Nxd5 18. exd5 e6 19. Bxg7 Kxg7 20. b4 exd5
21. Qxd5 Na4 22. Qc4 Qd7 23. Rfe1 Rfc8 24. b5 Rab8 25. Nxb8 Rxb8 26. Kc1 Rxb5 27. Qd4+ Kg8 28. Qxd6 Qb7 29. Re8+ Kh7 30. Rd4 Rb1+
31. Kd2 Qb5 32. Qd8 Qf1 33. Rh8+ Kg7 34. Qf8+ Kf6 35. Rd6+
1-0

[Event "Anand Cup"]
[Site "SchemingMind.com"]
[Date "2010.05.21"]
[Round "-"]
[White "Kasker"]
[Black "Olli Ylönen"]
[Result "1-0"]
[WhiteCountry "POL"]
[BlackCountry "FIN"]
[WhiteElo "2283"]
[WhiteRD "86"]
[BlackElo "1507"]
[BlackRD "57"]
[GameID "249426"]

1. e4 c6 2. d4 d5 3. exd5 cxd5 4. c4 Nf6 5. Nc3 Nc6 6. Bg5 e6 7. c5 Bd7 8. Bb5 b6 9. cxb6 Qxb6 10. Bxf6 gxf6
11. Nge2 a6 12. Bxc6 Bxc6 13. O-O h5 14. Na4 Bxa4 15. Qxa4+ Qb5 16. Qc2 e5 17. Rfe1 Bh6 18. dxe5 fxe5 19. Nc3 Rc8 20. Qf5 O-O
21. Nxb5 axb5 22. Rxe5 Kg7 23. Rxd5
1-0

[Event "Anand Cup"]
[Site "SchemingMind.com"]
[Date "2010.05.20"]
[Round "-"]
[White "PeterLiberty"]
[Black "Rotceh"]
[Result "1-0"]
[WhiteCountry "USA"]
[BlackCountry "MEX"]
[WhiteElo "1510"]
[WhiteRD "62"]
[BlackElo "1565"]
[BlackRD "89"]
[GameID "249427"]

1. e4 e5 2. Nf3 Nf6 3. Nc3 Nc6 4. d4 exd4 5. Nxd4 Bb4 6. Nxc6 Bxc3+ 7. bxc3 bxc6 8. Be3 Nxe4 9. Bd3 Nxc3 10. Qd2 Nd5
11. O-O O-O 12. Rfe1 Nf6 13. Bc5 d6 14. Bb4 c5 15. Bc3 Nd5 16. Bb2 Bg4 17. h3 Bh5 18. g4 Bxg4 19. hxg4 Qh4 20. f3 g5
21. Re2 Qg3+ 22. Rg2 Qf4 23. Re1 Qxd2 24. Rxd2 Nf4 25. Bc1 Ne6 26. Bf5 Nd4 27. Kf2 Nxf5 28. gxf5 f6 29. Kg3 Rf7 30. Rde2 Kf8
31. Kg4 Rb8 32. Re6 Rb4+ 33. R1e4 Rxe4+ 34. fxe4 Kg7 35. c4 Rf8 36. Re7+ Rf7 37. Rxf7+ Kxf7 38. a4 c6 39. Kh5 d5 40. exd5 cxd5
41. cxd5 Ke7 42. Bb2 h6 43. Kxh6 g4 44. Kg6 g3 45. Bxf6+ Kd6 46. Bh4 g2 47. Bf2 c4 48. f6
1-0

[Event "Anand Cup"]
[Site "SchemingMind.com"]
[Date "2010.05.24"]
[Round "-"]
[White "Jorge Anibal DEKMAK"]
[Black "Don71"]
[Result "1-0"]
[WhiteCountry "ARG"]
[BlackCountry "NIR"]
[WhiteElo "2196"]
[WhiteRD "131"]
[BlackElo "2120"]
[BlackRD "112"]
[GameID "249662"]

1. e4 e5 2. Nf3 Nc6 3. Bb5 Nf6 4. O-O Nxe4 5. d4 exd4 6. Re1 f5 7. Nxd4 Nxd4 8. Qxd4 c6 9. f3 cxb5 10. fxe4 Qb6
11. exf5+ Kf7 12. Be3 Qxd4 13. Bxd4 d6 14. Rf1 b4 15. Nd2 h6 16. a3 d5 17. Nf3 bxa3 18. Ne5+ Kg8 19. bxa3 Kh7 20. Rf3 Rg8
21. Nf7 Be7 22. Re1 Bh4 23. Rh3 Rf8 24. Rxh4 Rxf7 25. g4 Bd7 26. c3 b6 27. Re5 Re8 28. Rxd5 Re4 29. Bf2 Re2 30. Rd6 Ra2
31. Rh3 Rxa3 32. Bd4 Re7 33. Kf2 Ra2+ 34. Kg3 Rd2 35. Kf4 Rde2 36. Re3 R2xe3 37. Bxe3 Bb5 38. h4 Kg8 39. Bd4 Rd7 40. Re6 Rf7
41. g5 hxg5+ 42. hxg5 Bd7 43. Re5 Rf8 44. g6 Re8 45. Rd5 Bc6 46. Rd6 Ba4 47. Be5 Rc8 48. Kg5
1-0

[Event "Anand Cup"]
[Site "SchemingMind.com"]
[Date "2010.05.23"]
[Round "-"]
[White "Majoanis"]
[Black "Phil Cook"]
[Result "0-1"]
[WhiteCountry "CAN"]
[BlackCountry "NZL"]
[WhiteElo "1566"]
[WhiteRD "201"]
[BlackElo "2163"]
[BlackRD "85"]
[GameID "249663"]

1. b3 e5 2. Bb2 Nc6 3. e3 d5 4. Bb5 Bd6 5. f4 Qh4+ 6. g3 Qe7 7. Nf3 Bg4 8. fxe5 Bxe5 9. Bxe5 Bxf3 10. Qxf3 Qxe5
11. Nc3 Nf6 12. Bxc6+ bxc6 13. O-O O-O-O 14. Qe2 d4 15. Qa6+ Kb8 16. Rf4 Rhe8 17. Raf1 Qc5 18. Na4 Qb5 19. Qxb5+ cxb5 20. Nc5 dxe3
21. dxe3 Rxe3 22. a4 Rc3
0-1

[Event "Anand Cup"]
[Site "SchemingMind.com"]
[Date "2010.05.24"]
[Round "-"]
[White "Don71"]
[Black "Jorge Anibal DEKMAK"]
[Result "1-0"]
[WhiteCountry "NIR"]
[BlackCountry "ARG"]
[WhiteElo "2223"]
[WhiteRD "101"]
[BlackElo "2174"]
[BlackRD "131"]
[GameID "249667"]

1. e4 e5 2. Nf3 Nf6 3. Nxe5 d6 4. Nf3 Nxe4 5. d4 d5 6. Bd3 Nc6 7. Nbd2 Nxd2 8. Bxd2 Bg4 9. c3 Qd7 10. O-O O-O-O
11. Re1 Bd6 12. h3 Bf5 13. Qc2 Bxd3 14. Qxd3 f6 15. Re2 g5 16. Rae1 h5 17. Re6 Rdf8 18. c4 g4 19. Nh4 dxc4 20. Qxc4 Nxd4
21. R6e4 Nc6 22. Ng6 gxh3 23. Nxh8 Rxh8 24. Bc3 Ne5 25. Bxe5 fxe5 26. g3 Qf5 27. Rh4 Rf8 28. Qe2 Bc5 29. Rf1 Bd4 30. b3 Rh8
31. Kh2 Qg6 32. Kxh3 Kb8 33. Kg2 a6 34. Qe4 Qg7 35. Qf5 Qh6 36. f4 Qc6+ 37. Kh3 e4 38. Rxh5 Rd8 39. Qg5 Bf6 40. Qg6 Qd7+
41. Kg2 Qc6 42. Re1 e3+ 43. Kh3 Qf3 44. Rxe3 Qxe3 45. Qxf6 Qe8 46. Rh7 Rd1 47. Qf7 Qc6 48. Kh4 Rc1 49. g4 Qc5 50. f5 Ka7
51. Qe7 Qd4 52. Kg5 Rc2 53. Qd7 Qe3+ 54. Kf6 Rc6+ 55. Kf7 Rd6 56. Qxc7 Rc6 57. Qd8 Qe4 58. Rg7 Qe5 59. Kg8 Qc3 60. Qd1 Rc8+
61. Kh7 Qh3+ 62. Kg6 Qc3 63. Qd7 Rc6+ 64. Kh7 Rb6 65. g5 Qg3 66. Rg6 Rb4 67. f6 Rh4+ 68. Rh6 Qxg5 69. Rxh4 Qxh4+ 70. Kg7 Qg5+
71. Kf7 Qe5 72. Qe6 Qh5+ 73. Ke7 Qg5 74. Ke8 Qg6+ 75. Kd7 Qd3+ 76. Ke7 Qg3 77. f7 Qg5+ 78. Qf6 Qc5+ 79. Qd6 Qg5+ 80. Ke8 Qb5+
81. Kf8 Qe2 82. Qc5+ Ka8 83. Kg7
1-0

[Event "Anand Cup"]
[Site "SchemingMind.com"]
[Date "2010.05.23"]
[Round "-"]
[White "Phil Cook"]
[Black "Majoanis"]
[Result "1-0"]
[WhiteCountry "NZL"]
[BlackCountry "CAN"]
[WhiteElo "2144"]
[WhiteRD "89"]
[BlackElo "1575"]
[BlackRD "203"]
[GameID "249668"]

1. Nf3 Nf6 2. Nc3 d5 3. e3 Bg4 4. Be2 e6 5. h3 Bh5 6. O-O Nbd7 7. d3 Be7 8. g4 Bg6 9. g5 Ng8 10. e4 d4
11. Nxd4 Bxg5 12. f4 e5 13. Ndb5 a6 14. fxg5 axb5 15. Nxb5 h6 16. gxh6 Nxh6 17. Qe1 Nf6 18. Qc3 Qd7 19. Nxc7+ Kf8 20. Nxa8
1-0

[Event "Anand Cup"]
[Site "SchemingMind.com"]
[Date "2010.05.24"]
[Round "-"]
[White "Black Knight"]
[Black "The King"]
[Result "1-0"]
[WhiteCountry "USA"]
[BlackCountry "GBR"]
[WhiteElo "1417"]
[WhiteRD "71"]
[BlackElo "1630"]
[BlackRD "126"]
[GameID "249816"]

1. e4 c5 2. Nf3 d6 3. Bb5+ Bd7 4. Bxd7+ Qxd7 5. O-O Nc6 6. Nc3 g6 7. d4 cxd4 8. Nxd4 Bg7 9. Nxc6 bxc6 10. Bd2 Nf6
11. f3 O-O 12. Rb1 Rab8 13. b3 Ne8 14. Ne2 Nc7 15. Bc3 Nb5 16. Bxg7 Kxg7 17. Qd3 e6 18. b4 d5 19. a4 Nc7 20. e5 f6
21. exf6+ Rxf6 22. Ng3 Rbf8 23. Ne2 Qf7 24. Rf2 e5 25. Rbf1 Ne6 26. f4 Nxf4 27. Nxf4 exf4 28. Qd4
1-0

[Event "Anand Cup"]
[Site "SchemingMind.com"]
[Date "2010.05.24"]
[Round "-"]
[White "Jootoo"]
[Black "ibukuno"]
[Result "0-1"]
[WhiteCountry "CHN"]
[BlackCountry "NGR"]
[WhiteElo "1326"]
[WhiteRD "118"]
[BlackElo "1870"]
[BlackRD "81"]
[GameID "249818"]

1. e4 e6 2. Nf3 d5 3. Bd3 dxe4 4. Bxe4 Nf6 5. Bd3 Bc5 6. Nc3 O-O 7. O-O Nc6 8. a3 a6 9. b4 Ba7 10. b5 axb5
11. Nxb5 Bb6 12. c4 Qxd3 13. Nc3 Bd7 14. Re1 Rfe8 15. Qb3 Na5 16. Qa2 Nxc4 17. Ne5 Nxe5 18. Rxe5 Bd4 19. Re1 Ng4
0-1

[Event "Anand Cup"]
[Site "SchemingMind.com"]
[Date "2010.05.24"]
[Round "-"]
[White "The King"]
[Black "Black Knight"]
[Result "0-1"]
[WhiteCountry "GBR"]
[BlackCountry "USA"]
[WhiteElo "1630"]
[WhiteRD "126"]
[BlackElo "1417"]
[BlackRD "71"]
[GameID "249821"]

1. d4 d5 2. c4 c6 3. Nf3 Nf6 4. e3 e6 5. b3 Bb4+ 6. Bd2 Bxd2+ 7. Nbxd2 O-O 8. Bd3 b5 9. O-O bxc4 10. bxc4 Ba6
11. Qc2 Ne4 12. Nxe4 dxe4 13. Bxe4 f5 14. Bd3 Nd7 15. Rab1 Qc7 16. Rb2 Rab8 17. Rfb1 Rxb2 18. Rxb2 Rb8 19. Ng5 Rxb2 20. Qxb2 Nf8
21. Qe2 h6 22. Nf3 Ng6 23. Nd2 e5 24. Bxf5 Ne7 25. Be6+ Kh8 26. Nb3 Bc8 27. Bxc8 Nxc8
0-1

[Event "Anand Cup"]
[Site "SchemingMind.com"]
[Date "2010.05.24"]
[Round "-"]
[White "ibukuno"]
[Black "Jootoo"]
[Result "1-0"]
[WhiteCountry "NGR"]
[BlackCountry "CHN"]
[WhiteElo "1870"]
[WhiteRD "81"]
[BlackElo "1326"]
[BlackRD "118"]
[GameID "249823"]

1. e4 e5 2. Nf3 Nc6 3. Bb5 a6 4. Ba4 Nf6 5. O-O Bd6 6. Re1 O-O 7. c3 b5 8. Bb3 a5 9. d4 a4 10. Bc2 h6
11. Nbd2 Ba6 12. Nf1 Be7 13. d5 Nb8 14. Nxe5 d6 15. Ng4 Nxg4 16. Qxg4 Qd7 17. Qg3 Kh8 18. Bf4 c6 19. Ne3 g5 20. Nf5 Qc7
21. Nxe7 gxf4 22. Qxf4 Qxe7 23. Qxh6+ Kg8 24. e5
1-0

[Event "Anand Cup"]
[Site "SchemingMind.com"]
[Date "2010.05.26"]
[Round "-"]
[White "Teagy"]
[Black "wilfried"]
[Result "0-1"]
[WhiteCountry "ENG"]
[BlackCountry "GER"]
[WhiteElo "1826"]
[WhiteRD "78"]
[BlackElo "2416"]
[BlackRD "116"]
[GameID "249954"]

1. e4 c5 2. Nc3 Nc6 3. d3 Nf6 4. g3 g6 5. Bg2 Bg7 6. f4 d6 7. Nf3 O-O 8. O-O Qb6 9. Rb1 Be6 10. Be3 Ng4
11. Bf2 Qa5 12. h3 Nxf2 13. Rxf2 Bxc3 14. bxc3 Qxc3 15. a4 b6 16. f5 Bd7 17. g4 Rad8 18. g5 Ne5 19. f6 Rfe8 20. Rb3 Nxf3+
21. Qxf3 Qa1+ 22. Kh2 Bxa4 23. Qg3 Bxb3 24. cxb3 Qc3 25. Qh4 exf6 26. gxf6 h5 27. Rf5 Re5 28. Bf3 Qd2+
0-1

[Event "Anand Cup"]
[Site "SchemingMind.com"]
[Date "2010.05.25"]
[Round "-"]
[White "PumpkinFace"]
[Black "Efren ramos"]
[Result "0-1"]
[WhiteCountry "USA"]
[BlackCountry "NCA"]
[WhiteElo "1971"]
[WhiteRD "98"]
[BlackElo "1997"]
[BlackRD "78"]
[GameID "249958"]

1. d4 Nf6 2. c4 e6 3. Nc3 d5 4. Nf3 Be7 5. e3 O-O 6. Bd3 Nbd7 7. O-O dxc4 8. Bxc4 c5 9. a3 a6 10. dxc5 Nxc5
11. b4 Nce4 12. Bb2 b5 13. Bd3 Bb7 14. Qe2 Nxc3= 15. Bxc3 Bxf3
0-1

[Event "Anand Cup"]
[Site "SchemingMind.com"]
[Date "2010.05.29"]
[Round "-"]
[White "griffimv"]
[Black "thaipham"]
[Result "1-0"]
[WhiteCountry "INT"]
[BlackCountry "AUS"]
[WhiteElo "2336"]
[WhiteRD "101"]
[BlackElo "1640"]
[BlackRD "62"]
[GameID "249962"]

1. e4 e6 2. d4 d5 3. Nc3 Nf6 4. Bg5 Bb4 5. e5 h6 6. Bd2 Bxc3 7. bxc3 Ne4 8. Qg4 g6 9. Bd3 Nxd2 10. Kxd2 c5
11. Nf3 Nc6 12. dxc5 Qe7 13. Qf4 Qxc5 14. Qe3 Qa5 15. Rhb1 a6 16. Rb3 b5 17. Ke2 Bd7 18. Kf1 b4 19. cxb4 Nxb4 20. Qd2 Rb8
21. a3
1-0

[Event "Anand Cup"]
[Site "SchemingMind.com"]
[Date "2010.05.26"]
[Round "-"]
[White "wilfried"]
[Black "Teagy"]
[Result "1-0"]
[WhiteCountry "GER"]
[BlackCountry "ENG"]
[WhiteElo "2416"]
[WhiteRD "116"]
[BlackElo "1826"]
[BlackRD "78"]
[GameID "249963"]

1. d4 e6 2. c4 Nf6 3. Nf3 c5 4. d5 exd5 5. cxd5 d6 6. Nc3 g6 7. Bf4 a6 8. a4 Bg7 9. e4 Bg4 10. Be2 Bxf3
11. Bxf3 O-O 12. O-O Qe7 13. Qc2 Nbd7 14. a5 h5 15. Rfe1 Ne5 16. Be2 Nfd7 17. f3 g5 18. Be3 h4 19. Qd2 Bf6 20. Na4 Kh8
21. h3 Rg8 22. Rac1 Nf8 23. b4 cxb4 24. Nb6 Re8 25. Rc2 Ned7 26. Nc8 Qe5 27. Qxb4
1-0

[Event "Anand Cup"]
[Site "SchemingMind.com"]
[Date "2010.05.25"]
[Round "-"]
[White "Efren ramos"]
[Black "PumpkinFace"]
[Result "1-0"]
[WhiteCountry "NCA"]
[BlackCountry "USA"]
[WhiteElo "1997"]
[WhiteRD "78"]
[BlackElo "1971"]
[BlackRD "98"]
[GameID "249967"]

1. d4 d5 2. c4 e5 3. dxe5 d4 4. Nf3 Nc6 5. g3 Bc5 6. Bg2 Qe7 7. O-O Bg4 8. h3 Bd7 9. a3 a5 10. Nbd2 f6
11. Ne4 fxe5 12. b4 axb4 13. Nxc5
1-0

[Event "Anand Cup"]
[Site "SchemingMind.com"]
[Date "2010.05.29"]
[Round "-"]
[White "thaipham"]
[Black "griffimv"]
[Result "0-1"]
[WhiteCountry "AUS"]
[BlackCountry "INT"]
[WhiteElo "1640"]
[WhiteRD "62"]
[BlackElo "2336"]
[BlackRD "101"]
[GameID "249971"]

1. d4 Nf6 2. c4 g6 3. Nc3 Bg7 4. g3 O-O 5. Bg2 d6 6. Nf3 Nc6 7. O-O a6 8. b3 Rb8 9. Bb2 b5 10. d5 Na5
11. cxb5 axb5 12. Rc1 b4 13. Na4 e6 14. Bxf6 Bxf6 15. dxe6 Bxe6 16. Nd4 Bd7 17. Nc6 Nxc6 18. Bxc6 Bh3 19. Bg2 Bf5 20. Qd2 Re8
21. Nb2 Bc3
0-1

[Event "Anand Cup"]
[Site "SchemingMind.com"]
[Date "2010.07.05"]
[Round "-"]
[White "fouche"]
[Black "griffimv"]
[Result "1-0"]
[WhiteCountry "COL"]
[BlackCountry "INT"]
[WhiteElo "1709"]
[WhiteRD "72"]
[BlackElo "2018"]
[BlackRD "93"]
[GameID "253377"]

1. d4 Nf6 2. Nf3 g6 3. e3 Bg7 4. Bd3 O-O 5. O-O d6 6. Nbd2 Nbd7 7. b3 e5 8. Bb2 Re8 9. e4 exd4 10. Nxd4 Nc5
11. Re1 Bd7 12. Rb1 a5 13. a4 Ng4 14. N2f3 Ne5 15. h3 Ncxd3 16. cxd3 c5 17. Nxe5 dxe5 18. Nf3 Bc6 19. Re2 Qd6 20. Qc2 Rad8
21. Rd1 b6 22. Red2 Bh6 23. Re2 Rd7 24. Ne1 Bg7 25. Bc1 f5 26. exf5
1-0

[Event "Anand Cup"]
[Site "SchemingMind.com"]
[Date "2010.07.05"]
[Round "-"]
[White "griffimv"]
[Black "fouche"]
[Result "0-1"]
[WhiteCountry "INT"]
[BlackCountry "COL"]
[WhiteElo "2057"]
[WhiteRD "89"]
[BlackElo "1677"]
[BlackRD "66"]
[GameID "253379"]

1. e4 e6 2. d4 d5 3. Nc3 Bb4 4. e5 c5 5. a3 cxd4 6. axb4 dxc3 7. Qg4 g6 8. Nf3 Nc6 9. bxc3 Nge7 10. Qg5 a6
11. b5 Nb8 12. Bd3 Nd7 13. O-O Nc5 14. Qf6 Rg8 15. Ng5 Kd7 16. Be2 Qe8 17. Be3 h6 18. Bxc5 hxg5 19. bxa6 bxa6 20. Rfb1 Nc6
21. Bf3 Rh8 22. Bxd5 Kc7
0-1